00813nam a22002057a 4500999001900000005001700019010001500036020002600051035001400077037001300091082001500104100002200119245011400141260005700255270008800312300002700400700002400427942002900451952012700480 c192195d19219520220915112319.0 aENG-135059 a9788193376119c250.00 aEN-118591 bDBAD/PUB a303.609541 aFernandes, Walter aJournals of Dispute:bMedia Coverage of Conflilcts in the Northeast/cWalter Fernandes and Bhaswati Borgohain aGuwahatibNorth Eastern Social Research Centrec2017 aJagriti 2nd Floor, GMCH Road, Christian BastibGuwahatie781005mnesrcghy@gmail.com aviii, 199p.c21cm(pbk) aBorgohain, Bhaswati 2ddccENh303.609541mFER 001040708NFICaBL4bBL4d2022-09-13eDBAD/PUBg250.00l0o303.609541 FERpEN-118591r2022-09-13 00:00:00t1v250.00yEN